[Event "Thematic Vienna Gambit "]
[Site "SchemingMind.com"]
[Date "2009.10.03"]
[Round "-"]
[White "Schaakmaatje"]
[Black "jonjenson"]
[Result "1-0"]
[WhiteCountry "NED"]
[BlackCountry "ENG"]
[WhiteElo "1680"]
[WhiteRD "47"]
[BlackElo "1820"]
[BlackRD "59"]
[GameID "221384"]

1. d4 d5 2. c4 c6 3. Nc3 Bf5 4. Bf4 Nf6 5. e3 e6 6. Nf3 h6 7. Be2 Bb4 8. O-O Nbd7 9. a3 Ba5 10. b4 Bc7
11. Bxc7 Qxc7 12. cxd5 exd5 13. Rc1 g5 14. Nb5 Qb8 15. Nc3 Qd6 16. Qb3 Ne4 17. Nxe4 Bxe4 18. Nd2 Bf5 19. f3 Qg6 20. Rc3 O-O
21. Bd3 Bxd3 22. Rxd3 Rae8 23. e4 Nf6 24. e5 Nd7 25. f4 f6 26. f5 Qh7 27. e6 Nb6 28. Rh3 Re7 29. Qg3 Nc4 30. Ne4 b5
31. Nc5 Ne3 32. Qxe3
1-0

[Event "Thematic Vienna Gambit "]
[Site "SchemingMind.com"]
[Date "2009.10.03"]
[Round "-"]
[White "jonjenson"]
[Black "Schaakmaatje"]
[Result "1-0"]
[WhiteCountry "ENG"]
[BlackCountry "NED"]
[WhiteElo "1820"]
[WhiteRD "59"]
[BlackElo "1680"]
[BlackRD "47"]
[GameID "221386"]

1. e4 e5 2. Nc3 Nf6 3. Bc4 c6 4. Nf3 d5 5. exd5 Bg4 6. h3 Bh5 7. g4 e4 8. Ne5 Bg6 9. dxc6 bxc6 10. Nxg6 hxg6
11. Qe2 Bc5 12. Nxe4 Nxe4 13. Qxe4+ Be7 14. d3 O-O 15. Bd2 Bh4 16. O-O-O Re8 17. Qxg6 Qc7 18. Bh6 Bf6 19. g5 Kf8 20. gxf6 fxg6
21. fxg7+ Qxg7 22. Bxg7+ Kxg7 23. Rde1 Nd7 24. Rxe8 Rxe8 25. Kd2 Nf6 26. Re1 Rxe1 27. Kxe1 Nh5 28. Be6 Nf4 29. Bg4 Kf6 30. Kd2 Ke5
31. c3 c5 32. a3 g5 33. b4 cxb4 34. axb4 Nd5 35. b5 Kf4 36. c4 Nc7 37. Kc3 Ke5 38. d4+ Ke4 39. f3+
1-0

[Event "Thematic Vienna Gambit "]
[Site "SchemingMind.com"]
[Date "2009.10.03"]
[Round "-"]
[White "AycaguerMarcel"]
[Black "Schaakmaatje"]
[Result "1-0"]
[WhiteCountry "URU"]
[BlackCountry "NED"]
[WhiteElo "1587"]
[WhiteRD "84"]
[BlackElo "1725"]
[BlackRD "50"]
[GameID "221422"]

1. e4 e5 2. Nf3 Nf6 3. Nxe5 Nxe4 4. d4 d5 5. Be2 Be7 6. c4 c6 7. O-O O-O 8. f3 Nf6 9. Nc3 Bf5 10. Kh1 Nbd7
11. g4 Bg6 12. g5 Ne8 13. f4 Nxe5 14. dxe5 d4 15. Nb1 Be4+ 16. Bf3 Bxf3+ 17. Qxf3 Nc7 18. a3 a5 19. b3 Na6 20. Ra2 Nc5
21. Rg2 Ne6 22. h4 d3 23. Bb2 Nc5 24. Nd2 b5 25. b4 axb4 26. axb4 Na4 27. Ba3 Nc3 28. Bb2 Bxb4 29. f5 Qd4 30. Rg4 Qxe5
31. cxb5 Qxb5 32. f6 g6 33. h5 Nd5 34. hxg6 Bxd2 35. gxh7+ Kh8 36. Qh3 Ne3 37. Qh6 Qd5+ 38. Kg1 Nf5 39. Rxf5 Be3+ 40. Kh2 Qd6+
41. Kh3
1-0

[Event "Thematic Vienna Gambit "]
[Site "SchemingMind.com"]
[Date "2009.10.03"]
[Round "-"]
[White "AycaguerMarcel"]
[Black "jonjenson"]
[Result "1-0"]
[WhiteCountry "URU"]
[BlackCountry "ENG"]
[WhiteElo "1635"]
[WhiteRD "84"]
[BlackElo "1799"]
[BlackRD "67"]
[GameID "221423"]

1. e4 e5 2. Nf3 Nc6 3. Nc3 Nf6 4. Be2 d5 5. exd5 Nxd5 6. d3 Be7 7. Bd2 O-O 8. O-O f5 9. Nxd5 Qxd5 10. a3 Qf7
11. Bc3 Bd6 12. b4 b5 13. Qc1 Bb7 14. Qb2 Rae8 15. h3 Nd4 16. Bxd4 exd4 17. Rfe1 c5 18. bxc5 Bxc5 19. Qxb5 Qc7 20. a4 Rf6
21. Qxe8+ Bf8 22. Nxd4 Rd6 23. Nb5
1-0

[Event "Thematic Vienna Gambit "]
[Site "SchemingMind.com"]
[Date "2009.10.03"]
[Round "-"]
[White "Schaakmaatje"]
[Black "AycaguerMarcel"]
[Result "1-0"]
[WhiteCountry "NED"]
[BlackCountry "URU"]
[WhiteElo "1736"]
[WhiteRD "50"]
[BlackElo "1635"]
[BlackRD "84"]
[GameID "221425"]

1. d4 d5 2. c4 c6 3. Nc3 Nf6 4. Nf3 Bf5 5. Bf4 e6 6. e3 Bb4 7. a3 Be7 8. c5 O-O 9. b4 Nbd7 10. h3 Kh8
11. Be2 Ne4 12. Nxe4 dxe4 13. Ne5 f6 14. Nxd7 Qxd7 15. Bc4 Bg6 16. O-O Bf7 17. Rc1 Rad8 18. a4 Kg8 19. b5 Rc8 20. Qg4 f5
21. Qg3 Kh8 22. Bg5 h6 23. Bxe7 Qxe7 24. a5 Be8 25. b6 a6 26. Qe5 Bd7 27. f4 Qf6 28. Qxf6 Rxf6 29. Rf2 Rcf8 30. Be2 g6
31. Kf1 Kg7 32. Ke1 Kf7 33. Kd2 g5 34. Rcf1 Ke7 35. g4 Kd8 36. fxg5 hxg5 37. gxf5 exf5 38. Bg4 f4 39. Bxd7 Kxd7 40. Ke2 f3+
41. Kd2 Ke6 42. Rg1 Rf5 43. Rg4 Kd5 44. h4 gxh4 45. Rxh4 R8f7 46. Kc3 Rg5= 47. Rh6 Rd7 48. Rfh2 Rf5 49. R2h5 Rxh5 50. Rxh5+ Ke6
51. Re5+
1-0

[Event "Thematic Vienna Gambit "]
[Site "SchemingMind.com"]
[Date "2009.10.03"]
[Round "-"]
[White "jonjenson"]
[Black "AycaguerMarcel"]
[Result "0-1"]
[WhiteCountry "ENG"]
[BlackCountry "URU"]
[WhiteElo "1820"]
[WhiteRD "59"]
[BlackElo "1673"]
[BlackRD "74"]
[GameID "221426"]

1. e4 c5 2. Nc3 d6 3. f4 Nc6 4. Nf3 e6 5. Bb5 Bd7 6. d3 g6 7. Bxc6 Bxc6 8. O-O Bg7 9. Ne2 Ne7 10. Rb1 a5
11. Be3 O-O 12. Qe1 b6 13. g4 f5 14. Ng5 Bd7 15. Qh4 h6 16. Nh3 a4 17. g5 h5 18. Bd2 b5 19. Bc3 b4 20. Bxg7 Kxg7
21. Qe1 Qb6 22. Qf2 Rab8 23. Rfd1 e5 24. Qg3 Nc6 25. Nf2 Be6 26. b3 a3 27. Rdc1 Rbe8 28. Qe3 Rh8 29. h4 Rhf8 30. Kg2 Qc7
31. fxe5 Nxe5 32. Rf1 Bd7 33. Rbe1 Bc6 34. Ng3 f4 35. Qc1 fxg3 36. Kxg3 Nf3 37. Re3 d5+
0-1

[Event "Thematic Vienna Gambit "]
[Site "SchemingMind.com"]
[Date "2009.10.03"]
[Round "-"]
[White "keen"]
[Black "Schaakmaatje"]
[Result "0-1"]
[WhiteCountry "SCO"]
[BlackCountry "NED"]
[WhiteElo "1616"]
[WhiteRD "58"]
[BlackElo "1725"]
[BlackRD "50"]
[GameID "221474"]

1. e4 e5 2. Nf3 Nc6 3. d4 exd4 4. Bc4 Be7 5. c3 Nf6 6. e5 Ng4 7. cxd4 O-O 8. h3 Nh6 9. Bxh6 gxh6 10. Nc3 d6
11. O-O Kh8 12. Ne4 d5 13. Bd3 dxe4 14. Bxe4 f5 15. Bc2 Be6 16. Qd2 Bg5 17. Nxg5 hxg5 18. Rad1 Bd5 19. Rfe1 Qe7 20. a3 Rae8
21. b4 a6 22. f4 h6
0-1

[Event "Thematic Vienna Gambit "]
[Site "SchemingMind.com"]
[Date "2009.09.29"]
[Round "-"]
[White "keen"]
[Black "AycaguerMarcel"]
[Result "1-0"]
[WhiteCountry "SCO"]
[BlackCountry "URU"]
[WhiteElo "1616"]
[WhiteRD "60"]
[BlackElo "1570"]
[BlackRD "81"]
[GameID "221475"]

1. e4 e5 2. Nc3 Nf6 3. Bc4 Nc6 4. Nf3 Bc5 5. O-O O-O 6. d3 d6 7. Bg5 Na5 8. Bb3 Nxb3 9. axb3 c6 10. Na4 Re8
11. Nxc5 dxc5 12. Qd2 Qd6 13. Rfe1 Bd7 14. c3 Bg4 15. Qe3 b6 16. h3 Bd7 17. Qe2 Bc8 18. Nd2 b5 19. Qf3 a6 20. Nf1 h6
21. Bh4 Nd7 22. Rad1 g5 23. Bg3 Qf6 24. Qh5 Kg7 25. h4 Qg6 26. Qe2 gxh4 27. Bxh4 Kh7 28. Ne3 Nf6 29. Bxf6 Qxf6 30. Rd2 Rg8
31. Nf5 Rg5 32. Qe3 Bxf5 33. exf5 Rxf5 34. Qxc5 e4 35. Qe3 exd3 36. Qxd3 Kh8 37. Rde2 Rd8 38. Qe4 Kh7 39. g4
1-0

[Event "Thematic Vienna Gambit "]
[Site "SchemingMind.com"]
[Date "2009.10.05"]
[Round "-"]
[White "keen"]
[Black "jonjenson"]
[Result "0-1"]
[WhiteCountry "SCO"]
[BlackCountry "ENG"]
[WhiteElo "1604"]
[WhiteRD "56"]
[BlackElo "1799"]
[BlackRD "67"]
[GameID "221476"]

1. e4 e5 2. Nc3 Nf6 3. Nf3 Nc6 4. d4 exd4 5. Nxd4 Bb4 6. Bd2 Nxd4 7. a3 Bxc3 8. Bxc3 Nc6 9. Bd3 d6 10. O-O Bg4
11. f3 Bh5 12. g4 Bg6 13. f4 h6 14. Qf3 Qd7 15. Rae1 O-O-O 16. f5 Bh7 17. Qf4 Ne5 18. Bxe5 dxe5 19. Qxe5 Nxg4 20. Qf4 Qd4+
21. Kg2 Ne5 22. Rd1 Nxd3 23. Rxd3 Qxb2 24. Rf2 Rxd3 25. cxd3 Qxa3 26. Rc2 Qe7 27. Kf3 Rd8 28. Qe3 Kb8 29. Ra2 b6 30. d4 Qd7
31. Qa3 c6 32. h4 g6
0-1

[Event "Thematic Vienna Gambit "]
[Site "SchemingMind.com"]
[Date "2009.10.03"]
[Round "-"]
[White "Schaakmaatje"]
[Black "keen"]
[Result "1-0"]
[WhiteCountry "NED"]
[BlackCountry "SCO"]
[WhiteElo "1725"]
[WhiteRD "50"]
[BlackElo "1616"]
[BlackRD "58"]
[GameID "221478"]

1. e4 c5 2. Nc3 d6 3. f4 Nc6 4. Nf3 e6 5. d4 cxd4 6. Nxd4 Nf6 7. Bb5 Bd7 8. O-O Be7 9. Kh1 O-O 10. Be3 Nxd4
11. Bxd7 Nxc2 12. Qxc2 Qxd7 13. Rad1 b6 14. Qe2 Qc6 15. Bg1 Rfe8 16. Qf3 Rad8 17. Bd4 Rf8 18. Qg3 g6 19. f5 Nxe4 20. Nxe4 Qxe4
21. f6
1-0

[Event "Thematic Vienna Gambit "]
[Site "SchemingMind.com"]
[Date "2009.09.29"]
[Round "-"]
[White "AycaguerMarcel"]
[Black "keen"]
[Result "0-1"]
[WhiteCountry "URU"]
[BlackCountry "SCO"]
[WhiteElo "1570"]
[WhiteRD "81"]
[BlackElo "1616"]
[BlackRD "60"]
[GameID "221479"]

1. e4 e5 2. Nc3 Bc5 3. Nf3 Nf6 4. d4 Bb4 5. Bg5 d6 6. dxe5 Qe7 7. Qd4 Bxc3+ 8. bxc3 dxe5 9. Nxe5 O-O 10. Bxf6 Qxf6
11. Nf3 Qe7 12. Bd3 Rd8 13. Qb4 Qf6 14. O-O Nc6 15. Qc5 Bg4 16. Qg5 Qe6 17. Qf4 Bxf3 18. gxf3 Ne5 19. Rfd1 Rd6 20. Rab1 Qh3
21. Bf1 Rg6+ 22. Kh1 Qh5 23. Be2 Re8 24. Rg1 Ree6 25. Rxg6 Rxg6 26. Rxb7 h6 27. Rb1 Rf6 28. Qg3 Rg6 29. Qf4 Qh3 30. Rg1 Rxg1+
31. Kxg1 Qe6 32. Kg2 g5 33. Qg3 f6 34. h4 Kf8 35. hxg5 hxg5 36. f4 Nf7 37. fxg5 Nxg5 38. f3 Qd7 39. f4 Nxe4 40. Qf3 Qg7+
41. Kh3 Qh7+ 42. Kg4 f5#
0-1

[Event "Thematic Vienna Gambit "]
[Site "SchemingMind.com"]
[Date "2009.10.05"]
[Round "-"]
[White "jonjenson"]
[Black "keen"]
[Result "1-0"]
[WhiteCountry "ENG"]
[BlackCountry "SCO"]
[WhiteElo "1799"]
[WhiteRD "67"]
[BlackElo "1604"]
[BlackRD "56"]
[GameID "221480"]

1. e4 e5 2. Nc3 Nf6 3. Bc4 Bc5 4. d3 O-O 5. Bg5 d6 6. Nd5 Nbd7 7. Ne2 c6 8. Nxf6+ Nxf6 9. a3 h6 10. Bh4 g5
11. Bg3 Nh5 12. Ng1 Ng7 13. h4 Qf6 14. hxg5 hxg5 15. Qd2 Bg4 16. Nh3 Nh5 17. Nxg5 Nxg3 18. fxg3 d5 19. exd5 Rae8 20. Nh7 Qg7
21. dxc6 e4 22. d4 e3 23. Qd3 Bd6 24. Kf1 Bxg3 25. Nf6+
1-0

[Event "Thematic Vienna Gambit "]
[Site "SchemingMind.com"]
[Date "2009.09.29"]
[Round "-"]
[White "memookur33"]
[Black "keen"]
[Result "1/2-1/2"]
[WhiteCountry "TUR"]
[BlackCountry "SCO"]
[WhiteElo "1642"]
[WhiteRD "187"]
[BlackElo "1616"]
[BlackRD "58"]
[GameID "221547"]

1. e4 e5 2. Nf3 Nc6 3. Bb5 a6 4. Ba4 Nf6 5. Bxc6 dxc6 6. Nc3 Bd6 7. O-O Bg4 8. h3 Bh5 9. g4 Bg6 10. d3 O-O
11. Ne2 Re8 12. Ng3 Bc5 13. Be3 Bxe3 14. fxe3 h6 15. Nh4 Nxe4 16. Nxe4 Qxh4 17. Kh2 Bxe4 18. dxe4 Rad8 19. Qe2 Re6 20. Rad1 Rxd1
21. Rxd1 Rd6 22. Rf1 Qe7 23. a3 Qd7 24. Rf2 Qd8 25. Qf3 Rf6 26. Qe2 Rd6 27. Qc4 Qd7 28. Qc3 Qe6 29. Qb4 b6 30. Qc3 Qd7
31. Qxe5 Rd2 32. Qf4 Rxf2+ 33. Qxf2 Qd6+ 34. Kg2 Qd1 35. c3 Qd3 36. Qf3 Qc2+ 37. Qf2 Qc1 38. Kf3 Kf8 39. Kf4 Qd1 40. e5 Ke7
41. e4 g5+ 42. Kg3 Qd3+ 43. Qf3 Qxf3+ 44. Kxf3 Ke6 45. Ke3 Kxe5 46. b3 c5 47. a4 c6 48. Kf3 b5 49. a5 b4 50. cxb4 cxb4
51. Ke3 c5 52. Kd3 Kd6 53. Kc4 f6 54. Kd3 Kc6 55. Kc4 Kd6 56. Kd3 Kc6=
1/2-1/2

[Event "Thematic Vienna Gambit "]
[Site "SchemingMind.com"]
[Date "2009.10.04"]
[Round "-"]
[White "memookur33"]
[Black "Schaakmaatje"]
[Result "1/2-1/2"]
[WhiteCountry "TUR"]
[BlackCountry "NED"]
[WhiteElo "1601"]
[WhiteRD "137"]
[BlackElo "1736"]
[BlackRD "50"]
[GameID "221548"]

1. e4 e5 2. Nf3 Nf6 3. Nc3 Nc6 4. Bc4 Bc5 5. O-O O-O 6. h3 d6 7. d3 h6 8. a3 a6 9. Be3 Ba7 10. Qd2 Bxe3
11. fxe3 Be6 12. Bxe6 fxe6 13. Nh2 d5 14. exd5 exd5 15. Qe1 e4 16. d4 Qd6 17. Qh4 Ne7 18. Ne2 Ng6 19. Qe1 Nh5 20. Qd2 Ng3
21. Nxg3 Qxg3 22. Rxf8+ Rxf8 23. Rf1 c6 24. Rxf8+ Kxf8 25. Qf2+ Qxf2+ 26. Kxf2 Ne7 27. Ng4 Kf7 28. Ne5+ Ke6 29. g4 g5 30. a4 a5=
31. b3 Nc8 32. Kg3 Ne7 33. h4 c5 34. c3 b6 35. h5 Nc8 36. Ng6 Kf7 37. Ne5+ Ke6 38. Nc6 Kd7 39. Ne5+ Ke6 40. Ng6 Kf7
41. Ne5+ Ke6
1/2-1/2

[Event "Thematic Vienna Gambit "]
[Site "SchemingMind.com"]
[Date "2009.09.29"]
[Round "-"]
[White "memookur33"]
[Black "AycaguerMarcel"]
[Result "0-1"]
[WhiteCountry "TUR"]
[BlackCountry "URU"]
[WhiteElo "1601"]
[WhiteRD "137"]
[BlackElo "1635"]
[BlackRD "84"]
[GameID "221549"]

1. e4 e5 2. Nf3 Nc6 3. Bc4 d6 4. d4 exd4 5. Nxd4 Nf6 6. Nxc6 bxc6 7. Nc3 Be7 8. O-O O-O 9. f4 Bb7 10. Be3 Qd7
11. e5 Ne8 12. Rf3 d5 13. Bd3 Rd8 14. Rh3 g6 15. f5 d4 16. Bh6 dxc3 17. bxc3 Qd5 18. Bxf8 Bxf8 19. Qg4 Qxe5 20. Qh4 Nf6
21. Rf1 Bg7 22. fxg6 fxg6 23. Rxf6 Bxf6 24. Qxh7+ Kf8 25. Qh6+ Bg7 26. Rf3+ Ke7 27. Qxg6 Rf8 28. Rxf8 Kxf8 29. Qg4 c5 30. Qf5+ Ke7
31. Qxe5+ Bxe5 32. c4 Kf6 33. g3 a5 34. Kf2 Bd4+ 35. Ke1 Kg5 36. h3 Bg2 37. Bf1 Bc6 38. Be2 Kf5 39. Bg4+ Kg5 40. Be6 Be4
41. Kd2 Bf5 42. Bxf5 Kxf5 43. Ke2 a4 44. Kf3 Bh8 45. h4 Ke5 46. g4 a3 47. Ke3 Bg7 48. c3 Bf8 49. Kf3 Bg7 50. Ke3 Bf8
51. h5 Bh6+ 52. Kf3 Bf4 53. Kg2 Ke4 54. Kf2 Kd3 55. Kf3 Be3 56. Kg3 Bg5 57. Kf3 Be3 58. Kg3 Kxc3 59. Kh4 Kb2 60. g5 Kxa2
61. h6 Kb3 62. h7 Bd4 63. Kh5 a2 64. Kh6 a1=Q 65. g6 Qc1+ 66. Kh5 Bf6
0-1

[Event "Thematic Vienna Gambit "]
[Site "SchemingMind.com"]
[Date "2009.10.05"]
[Round "-"]
[White "memookur33"]
[Black "jonjenson"]
[Result "0-1"]
[WhiteCountry "TUR"]
[BlackCountry "ENG"]
[WhiteElo "1599"]
[WhiteRD "121"]
[BlackElo "1820"]
[BlackRD "59"]
[GameID "221550"]

1. e4 e5 2. Nf3 Nc6 3. Bc4 Nf6 4. d3 d5 5. exd5 Nxd5 6. Ng5 Be7 7. h4 h6 8. Ne4 Bxh4 9. Qh5 Be7 10. Nbc3 g6
11. Qf3 Nd4 12. Qd1 Nb4 13. Bb3 Nxb3 14. axb3 h5 15. Bd2 Bg4 16. f3 Bf5 17. Ne2 Nc6 18. g4 Bh4+ 19. Kf1 Bxe4 20. dxe4 hxg4
21. fxg4 Qf6+ 22. Nf4 O-O-O 23. Qe2 g5 24. Be3 gxf4 25. Bd2 Bg3 26. Kg2 Rxh1 27. Rxh1 Rh8 28. Rh5 Nd4 29. Qd3 Rxh5 30. gxh5 Qh4
0-1

[Event "Thematic Vienna Gambit "]
[Site "SchemingMind.com"]
[Date "2009.09.30"]
[Round "-"]
[White "keen"]
[Black "memookur33"]
[Result "1-0"]
[WhiteCountry "SCO"]
[BlackCountry "TUR"]
[WhiteElo "1616"]
[WhiteRD "60"]
[BlackElo "1374"]
[BlackRD "257"]
[GameID "221552"]

1. e4 e5 2. Nc3 Nf6 3. Nf3 Nc6 4. Bc4 h6 5. O-O Be7 6. d4 exd4 7. Nxd4 Nxd4 8. Qxd4 O-O 9. b3 c6 10. Bb2 b5
11. Be2 a6 12. Nd1 Bb7 13. Ne3 c5 14. Qe5 d6 15. Qf4 Re8 16. Nf5 Bf8 17. Nxh6+ Kh8 18. Nxf7+ Kg8 19. Nxd8
1-0

[Event "Thematic Vienna Gambit "]
[Site "SchemingMind.com"]
[Date "2009.10.04"]
[Round "-"]
[White "Schaakmaatje"]
[Black "memookur33"]
[Result "1-0"]
[WhiteCountry "NED"]
[BlackCountry "TUR"]
[WhiteElo "1680"]
[WhiteRD "47"]
[BlackElo "1599"]
[BlackRD "121"]
[GameID "221553"]

1. d4 d5 2. c4 Nf6 3. Nc3 c6 4. Bf4 a6 5. e3 e6 6. Nf3 Nbd7 7. Bd3 h6 8. O-O Be7 9. a3 O-O 10. h3 Nb6
11. b3 Nh5 12. Bh2 Bd6 13. Bxd6 Qxd6 14. c5 Qc7 15. cxb6 Qxb6 16. b4 Nf6 17. Na4 Qd8 18. Rc1 b5 19. Nc5 Nd7 20. Nxd7 Bxd7
21. Ne5 Be8 22. Nxc6 Bxc6 23. Rxc6 Qd7 24. Rc5 f5 25. Qe2 Rf6 26. Rfc1 Qf7 27. Rc7 Qg6 28. Qc2 Qh5 29. Kh2 Qg5 30. f4 Qg6
31. Rc8+ Rxc8 32. Qxc8+ Kh7 33. Be2 h5 34. Qxa6 h4 35. Kh1 Qg3 36. Bf3 Qf2 37. Qxb5 Qxe3 38. Qc5 Qxf4 39. b5 Rg6 40. b6 Rg3
41. Rf1 g5 42. Qe7+ Kh8 43. Qf8+ Kh7 44. b7 g4 45. b8=Q Qxb8 46. Qxb8 gxh3 47. Qxg3 hxg3 48. gxh3 Kg6 49. a4 Kg5 50. a5 Kh4
51. Kg2
1-0

[Event "Thematic Vienna Gambit "]
[Site "SchemingMind.com"]
[Date "2009.09.30"]
[Round "-"]
[White "AycaguerMarcel"]
[Black "memookur33"]
[Result "1/2-1/2"]
[WhiteCountry "URU"]
[BlackCountry "TUR"]
[WhiteElo "1587"]
[WhiteRD "84"]
[BlackElo "1642"]
[BlackRD "187"]
[GameID "221554"]

1. e4 e5 2. Nc3 Nf6 3. Nf3 Nc6 4. Bc4 h6 5. O-O Be7 6. Re1 O-O 7. a3 a6 8. b4 d6 9. Bb2 Be6 10. Bxe6 fxe6
11. d4 exd4 12. Nxd4 Nxd4 13. Qxd4 e5 14. Qc4+ Kh8 15. f3 Nh5 16. Nd5 Nf4 17. Nxf4 Rxf4 18. Rad1 Bh4 19. Rf1 Qg5 20. Bc1 Qg6
21. Bxf4 exf4 22. Qxc7 Re8 23. Rxd6 Bf6 24. Qxb7 h5 25. c4 h4 26. h3 Re5 27. c5 Rg5 28. Rf2 Rg3 29. Kh2 Rxh3+ 30. gxh3 Qg3+
31. Kh1 Qxf2 32. Qc8+ Kh7 33. Qf5+ Kg8 34. Qxf4 Qf1+ 35. Kh2 Qf2+ 36. Kh1 Qf1+ 37. Kh2 Qf2+ 38. Kh1 Qf1+ 39. Kh2 Qf2+ 40. Kh1 Qf1+
41. Kh2 Qf2+ 42. Kh1 Qf1+ 43. Kh2=
1/2-1/2

[Event "Thematic Vienna Gambit "]
[Site "SchemingMind.com"]
[Date "2009.10.05"]
[Round "-"]
[White "jonjenson"]
[Black "memookur33"]
[Result "1-0"]
[WhiteCountry "ENG"]
[BlackCountry "TUR"]
[WhiteElo "1799"]
[WhiteRD "67"]
[BlackElo "1601"]
[BlackRD "137"]
[GameID "221555"]

1. e4 e5 2. Nc3 Nf6 3. Bc4 Bc5 4. d3 O-O 5. Bg5 c6 6. a3 h6 7. Bh4 Qb6 8. Nge2 Be7 9. O-O Qxb2 10. Na4 Qxa3
11. Rxa3 Bxa3 12. Nac3 b5 13. Bxf6 bxc4 14. Bxe5 f6 15. Bd4 cxd3 16. cxd3 Kh8 17. Nf4 Kh7 18. Qh5 Kg8 19. Qg6 Be7 20. Nh5 Rf7
21. e5 fxe5 22. Bxe5 Bf8 23. Ne4 d6 24. Nef6+
1-0